00279nam a2200121Ia 4500008004100000082001500041100001700056245002300073250000800096260003000104300001500134650000800149191201s2011 xx 000 0 und d a519.5bSHB aSHREE, Deepa 0aBusiness Economics aRep aN. delhibAne Booksc2011 a15.15 MISC aBBA